000 00512nam a2200217Ia 4500
003 OSt
005 20220923225805.0
006 a|||||r|||| 00| 0
007 ta
008 Pun
024 _a274,719
037 _cTextual
040 _aARTS
_cARTS
_bPun
041 _2Pun
_aPun
082 _aQ8441xK66, 153K5
245 0 _aਵਾਰ ਸ੍ਰੀ ਭਗੳਤੀ ਜੀ ਕੀ
260 _c1965
650 _aਧਰਮ
942 _hQ8441xK66, 153K5
_cTEXL
_2CC
999 _c380442
_d380442